MDQL
is popping MORE tags! Check the
thread
!
Quizzes
Events
Quiz Creation
Community
Videos
Private Events
Remove Ads
Sign In
Join for FREE
Feedback
Dark Mode
Quiz Categories
Sports
Geography
Music
Movies
Television
Just For Fun
Miscellaneous
History
Literature
Language
Science
Gaming
Entertainment
Religion
Holiday
For Kids
Quiz Lab
Recent
Popular Today
Quiz Kudos Today
Editor Picks
Curator Picks
Quizzes by...
Day
Popularity
Type
Ratings
Length
Year
Community
Subscriptions
Recent Discussions
Orange Saloon
Badges
Playlists
Quests
Create
Leaderboards
Showdown
Live 5
Trivia Bingo
Activity
Puzzle Library
Sporcle Events
Private Events
Virtual Trivia
Globe League
Become a Host
Pub Owners
SporcleCon
Opinionation
Our Games
Videos
Blog
Mobile Apps
Partnerships
Remove Ads and Go Orange
Feedback
Gaming
Video Games
Board Games
Card Games
Pokémon
Mario
Nintendo
Minecraft
Console
Toys
Legend of Zelda
Gaming
Video Games
Board Games
Card Games
Pokémon
Mario
Nintendo
Minecraft
Console
Toys
Legend of Zelda
Random Quiz
Search Sporcle
×
Quiz Lab
Quiz Lab
Gaming
tms
Type in answers that appear in a list
Type in answers that appear in a list
Classic
Best Score? Go Orange.
What TMs do each Pokemon gym leader give you? Stats
Can you name the What TMs do each gym leader give you??
By
Endoplasmic
10m
93 Questions
386 Plays
386 Plays
386 Plays
Comments
Comments
Give Quiz Kudos
Give Quiz Kudos
-
- Ratings
hide this ad
Forced Order
Answers have to be entered in order
Answers have to be entered in order
Replay
Link that replays current quiz
Next Quiz
Link to next quiz in quiz playlist
You Got
0%
They Got
Avg Score
31%
Avg Friend Score
Upgrade to see
Score Distribution
Jump to the score distribution portion of the page
Score
0/93
Timer
10:00
0
Plays Today
Gym Leaders
TMs
% Correct
Brock (RBY)
Bide
74.5%
Brock (FRLG)
Rock Tomb
74.5%
Misty (FRLG/
HGSS)
Water Pulse
61.6%
Lt. Surge (RBY/
LGPE)
Thunderbolt
61.3%
Koga (GSC/
FRLG/
LGPE)
Toxic
58.2%
Misty (RBY)
Bubble Beam
56.9%
Brock (HGSS)
Rock Slide
55.6%
Erika (GSC/
FRLG/
LGPE)
Giga Drain
54.5%
Lt. Surge (FRLG/
HGSS)
Shock Wave
52.5%
Janine (GSC)
Toxic
52.5%
Roxanne (RSE/
ORAS)
Rock Tomb
50.9%
Erika (RBY/
LGPE)
Mega Drain
50.4%
Giovanni (FRLG/
LGPE)
Earthquake
49.4%
Blaine (GSC/
FRLG/
LGPE)
Fire Blast
49.1%
Morty (GSC/
HGSS)
Shadow Ball
49.1%
Wallace (RSE)
Water Pulse
46%
Flannery (RSE/
ORASI)
Overheat
45.2%
Jasmine (GSC/
HGSS)
Iron Tail
44.9%
Juan (E)
Water Pulse
44.9%
Wattson (RSE)
Shock Wave
44.2%
Sabrina (RBY)
Psywave
42.6%
Brawly (RSE/
ORAS)
Bulk Up
41.6%
Whitney (GSC/
HGSS)
Attract
41.3%
Sabrina (FRLG/
LGPE)
Calm Mind
41.3%
Falkner (HGSS)
Roost
40.8%
Giovanni (RBY)
Fissure
40.5%
Bugsy (GSC)
Fury Cutter
40.3%
Clair (GSC)
Dragon Breath
40.3%
Tate & Liza (RSE/
ORAS)
Calm Mind
40%
Blaine (HGSS)
Overheat
39.7%
Winona (RSE)
Aerial Ace
39.7%
Gym Leaders
TMs
% Correct
Falkner (GSC)
Mud Slap
39.2%
Clair (HGSS)
Dragon Pulse
39.2%
Norman (RSE)
Facade
37.9%
Roark (DPPt/
BDSP)
Stealth Rock
37.9%
Chuck (HGSS)
Focus Punch
37.7%
Pryce (GSC)
Icy Wind
37.4%
Bugsy (HGSS)
U-Turn
36.9%
Crasher Wake (DPPt/
BDSP)
Brine
35.8%
Chuck (GSC)
Dynamic Punch
35.6%
Norman (ORAS)
Retaliate
35.5%
Cheren (BW2)
Work Up
35.5%
Gardenia (DPPt/
BDSP)
Grass Knot
35.3%
Janine (HGSS)
Poison Jab
35.1%
Misty (LGPE)
Scald
35%
Chili/
Cress/
Cilan (BW)
Work Up
34%
Candice (DPPt/
BDSP)
Avalanche
33.8%
Elesa (BW)
Volt Switch
33.8%
Fantina (DPPt/
BDSP)
Shadow Claw
33%
Byron (DPPt/
BDSP)
Flash Cannon
32.7%
Maylene (DPPt/
BDSP)
Drain Punch
32.5%
Lenora (BW)
Retaliate
32.5%
Clay (BW)
Bulldoze
32.5%
Valerie (XY)
Dazzling Gleam
31.9%
Pryce (HGSS)
Hail
31.4%
Volkner (DPPt/
BDSP)
Charge Beam
31.4%
Clemont (XY)
Thunderbolt
31.3%
Roxie (BW2)
Venoshock
31%
Burgh (BW)
Struggle Bug
30.9%
Grant (XY)
Rock Tomb
30.9%
Wulfric (XY)
Ice Beam
30.9%
Wattson (ORAS)
Volt Switch
30.5%
Gym Leaders
TMs
% Correct
Winona (ORAS)
Roost
30.5%
Drayden/
Iris (BW)
Dragon Tail
30.4%
Viola (XY)
Infestation
29.5%
Korrina (XY)
Power-Up Punch
28.8%
Ramos (XY)
Grass Knot
28.1%
Marlon (BW2)
Scald
27.8%
Brycen (BW)
Frost Breath
27.5%
Olympia (XY)
Calm Mind
27.1%
Skyla (BW)
Acrobatics
25.7%
Brock (LGPE)
Headbutt
25.4%
Wallace (ORAS)
Waterfall
25.4%
Blue (HGSS)
Trick Room
24.7%
Raihan (SwSh)
Breaking Swipe
22.4%
Gordie (SwSh)
Rock Tomb
21.3%
Kabu (SwSh)
Will-o-Wisp
20.3%
Sabrina (HGSS)
Skill Swap
20%
Piers (SwSh)
Snarl
19.4%
Milo (SwSh)
Magical Leaf
19.3%
Nessa (SwSh)
Whirlpool
18.8%
Allister (SwSh)
Hex
18.3%
Opal (SwSh)
Draining Kiss
18.3%
Melony (SwSh)
Icy Wind
16.3%
Bea (SwSh)
Revenge
15.7%
Brassius (SV)
Trailblaze
15.4%
Larry (SV)
Facade
15.4%
Iono (SV)
Volt Switch
13.5%
Grusha (SV)
Ice Spinner
13.5%
Kofu (SV)
Chilling Water
11.5%
Ryme (SV)
Shadow Ball
11.5%
Katy (SV)
Pounce
9.6%
Tulip (SV)
Psychic
7.7%
Quiz Playlist
Details
Report
Send in Message
Add To Playlist
Classic:
Type in answers that appear in a list
Forced Order:
Answers have to be entered in order
Last Updated: Jul 7, 2023
Quiz Scoreboard
CHALLENGE
Sign Up to Join the Scoreboard
Show All
Scores
Hide
Comments
May contain spoilers
Recently Published
Street Fighter Characters
by Artimus82
Gaming
60s
9x9 Crossword: Cartoon Network
by jackfrog10
Miscellaneous
3m
College Basketball Coaching Resumes
by pancakes188
Sports
9m
More to Explore
Quiz From the Vault
Featured Blog Post
Where Did the Easter Bunny Come From?
hide this ad
You Might Also Like...
Tags
Gym
tms
Today's Top Quizzes in Gaming
Browse Gaming
hide this ad
Top Contributed Quizzes in Gaming
1
5-to-1: Consoles
2
7-to-1: Board Game Piece Blitz
3
5-to-1: Legend of Zelda
4
League of Legends Pro Players by Career/Team History
5
Destiny 2 exotic weapons by perk icons
6
Ultimate Genshin Impact Logic Puzzle (up to 4.3)
7
Franchise by Action Figure
8
Who's on the WWE 2K24 Cover?
9
Genshin Impact Logic Puzzle Quiz
10
Order the Pokémon Regions
Explore More
Trending Topics
Crossword
Disney
Harry Potter
Marvel
Kpop
NBA
Anime
WWE
The Office
Pokémon
Song
Puzzle
Country
Soccer
NFL
hide this ad
More By:
Endoplasmic
Quiz
Plays
Rating
Category
Featured
Created
Name a Gym Leader's signature Pokemon
877
2.75
Gaming
May 2, 2010
What TMs do each Pokemon gym leader give you?
386
3.00
Gaming
Mar 23, 2010
Types Pokemon gym leaders specialize in
121
2.80
Gaming
Apr 28, 2010
Name the locations of every Pokemon legendary
65
2.00
Gaming
Sep 23, 2010
Go to Creator's Profile
Score Distribution
Quiz Creator Spotlight
Endoplasmic
Follow
Send a Message
Quizzes Created
-
Created Quiz Play Count
-
More By This Creator
Popular Quizzes Today
1
Find the US States - No Outlines Minefield
2
Find the Countries of Europe - No Outlines Minefield
3
The Countries of the World
4
Find the US States
5
Risky Map Clicking: Biggest States A-Z
6
US States
7
Popular People in 1961
8
Movies - When Are They Set?
More Gaming Quizzes
Kingdom Hearts Characters who Haven't Lost their Heart
Quiz Lab
Trending Quizzes
Risky Map Clicking: Least Populous States A-Z
1-10 Letter G Words
Risky Map Clicking: Next State Alphabetically
Adjectives in 80s TV Shows
The Seven Year Switch: Catherine
Recently Updated
Leaping Animals
pecheneg
Reality TV Shows (A-Z)
bhenderson79
Rickey Henderson's Hall of Fame Teammates
pecheneg
Champions League XIs: Arsenal
pecheneg
Quick Pick: Celebrities in WWE's Hall of Fame
aduchscher
A-Z Keypad Blitz II
pecheneg
Multiple Oscar Actors
pecheneg
Mystery Phrase Blitz: Oscar 'Best Actors'
pecheneg
F. Scott Fitzgerald Novels
LTH
Pick 3 Villains
ddd62291
Trending Topics
Disney
Crossword
NBA
Marvel
Kpop
Anime
Harry Potter
WWE
Pokémon
Soccer
The Office
Song
Puzzle
Country
NFL
Your Account Isn't Verified!
In order to create a playlist on Sporcle, you need to verify the email address you used during registration. Go to your
Sporcle Settings
to finish the process.
Report this User
Report this user for behavior that violates our
Community Guidelines
.
Details:
Send Report
Go to the Sporcle.com Mobile Site →
Comments